|
|
|
|
| LEADER |
00000cam a2200000 i 4500 |
| 001 |
1/55456 |
| 008 |
140910s2009 gr | ||| |||| ||gre|| |
| 020 |
|
|
|a 9789604117048
|
| 035 |
|
|
|l 10119010
|
| 040 |
|
|
|a GR-MyUA
|b gre
|e AACR2
|
| 041 |
0 |
|
|a gre
|
| 082 |
0 |
|
|a 003.54
|2 (23)
|
| 100 |
1 |
|
|a Βούκαλης, Δημήτριος Χ.
|
| 245 |
1 |
0 |
|a Θεωρία πληροφοριών - Κώδικες /
|c Δημήτριος Χ. Βούκαλης.
|
| 260 |
|
|
|a Αθήνα :
|b Ιων,
|c c2009.
|
| 300 |
|
|
|a 500 σ. :
|b σχέδια ;
|c 24 εκ.
|
| 500 |
|
|
|a Θεωρία πληροφορίας - Κανάλια - Κωδικοποίηση πηγής - Κυκλικοί κώδικες - Συνελικτικοί κώδικες - Κώδικες μήτρας.
|
| 504 |
|
|
|a Βιβλιογραφία: σ. [495]-500.
|
| 650 |
0 |
0 |
|a Information theory.
|
| 650 |
0 |
0 |
|a Coding theory.
|
| 852 |
|
|
|a INST
|b SAMOS
|c EUDOXUS
|e 20140910
|h 003.54 ΒΟΥ
|p 005300037007
|q 005300037007
|t EDX
|y 0
|
| 852 |
|
|
|a INST
|b SAMOS
|c EUDOXUS
|e 20160519
|h 003.54 ΒΟΥ
|p 005300043544
|q 005300043544
|t EDX
|y 0
|
| 852 |
|
|
|a INST
|b SAMOS
|c EUDOXUS
|e 20160519
|h 003.54 ΒΟΥ
|p 005300043545
|q 005300043545
|t EDX
|y 23
|
| 901 |
|
|
|a BIBL3-2014-3
|
| 909 |
|
|
|a Σ
|b 185191
|
| 920 |
|
|
|a ΕΥΔΟΞΟΣ
|b ΕΠΙΣΤΡΟΦΗ
|y Σάμος
|z 2014-09
|
| 920 |
|
|
|a Εύδοξος
|b Παραγγελία
|y Σάμος-ΤΜΠΕΣ
|z 2016-05
|
| 970 |
|
|
|a ΚΟΣΙΕΡΗΣ
|b ΧΡΗΣΤΟΣ
|z 2014/09/10
|